000 00744cam a2200241 4500
001 B2736
008 090401t1987 xxu||||| |||| 00| 0 eng d
035 _a(Sirsi) u51782
041 _aeng
050 _a692.9
110 _aJoint Contracts Tribunal
_93664
245 _aStandard forms of nominated sub-contract (NSC/4 and NSC/4a) 1980 edition ... amendment 4 ... miscellaneous amendments
260 _aLondon
_bBEC Publications
_c1987
300 _a15p. ; 30cm.
350 _a0.8
520 _aCopies of original contracts filed at JCT 1980/12A and JCT 1980/13A.
650 _aJCT STANDARD FORMS OF NOMINATED SUB-CONTRACT 1980
650 _aNSC4
650 _aNSC4A
650 _aSUBCONTRACTS
942 _n0
948 _c04/03/1997
999 _c92953
_d92953